Chapman Library

Commentary on the Old Testament in Ten Volumes; vol. vii: Isaiah (Record no. 6237)

000 -LEADER
fixed length control field 00316nam a22001217a 4500
020 ## - INTERNATIONAL STANDARD BOOK NUMBER
ISBN 08288041X
050 ## - LIBRARY OF CONGRESS CALL NUMBER
Classification number BS 1151.2
100 ## - MAIN ENTRY--AUTHOR NAME
Personal name KEIL, C.F & DELTZSCH, E
245 ## - TITLE STATEMENT
Title Commentary on the Old Testament in Ten Volumes; vol. vii: Isaiah
260 ## - PUBLICATION, DISTRIBUTION, ETC. (IMPRINT)
Place of publication Grand Rapids
Name of publisher Wm Eerdmans
Year of publication 1976
300 ## - PHYSICAL DESCRIPTION
Number of Pages 524p,;
942 ## - ADDED ENTRY ELEMENTS (KOHA)
Koha item type Books
Holdings
Koha item type Collection code Accession Number Permanent Location Current Location Date acquired Full call number
BooksReference8448Chapman LibraryChapman Library2018-10-16BS 1151.2


CSUC Chapman Library is a Koha Automated Library.


Contact us: library@csuc.edu.gh.